Readings in ecology

Gespeichert in:
Bibliographische Detailangaben
1. Verfasser: Kormondy, Edward John (VerfasserIn)
Format: Buch
Sprache:Englisch
Veröffentlicht: Upper Saddle River Prentice Hall 1965
Schriftenreihe:Prentice Hall Biological Science Series
Schlagworte:
Tags: Tag hinzufügen
Keine Tags, Fügen Sie den ersten Tag hinzu!

MARC

LEADER 00000nam a2200000 a 4500
001 UCU3461
003 CL-VaPUC
008 960510e19650000us |||||||||||||||||eng|d
082 0 4 |a 577  |b KOR  |2 21 
100 |a Kormondy, Edward John  |e author  |9 490601 
245 1 0 |a Readings in ecology 
300 |a 219 p 
942 |c BK 
945 |d 19960510 00:00:00  |a rleighto 
260 |a Upper Saddle River  |b Prentice Hall  |c 1965 
650 0 |a Ecología   |9 258124 
650 0 |a Historia natural   |9 268584 
650 0 |a Plantas  |9 264555 
650 7 |a ORGANISMOS  |2 CL-VaPUC  |9 360422 
650 0 |a Medio ambiente  |9 257625 
650 0 |a Población  |9 257577 
650 0 |a Comunidades  |9 337024 
650 0 |a Naturaleza  |9 269656 
650 0 |a Ecosistemas  |9 261477 
583 |a last modification  |c 20171205 01:43:50  |k Rodrigo Vera 
490 0 |a Prentice Hall Biological Science Series 
999 |c 247468  |d 247466 
952 |0 0  |1 0  |4 0  |6 577_000000000000000_KOR_1965  |7 0  |8 CCM  |9 263413  |a BIBCUR  |b BIBCUR  |d 2019-11-19  |i 2589753  |o 577 KOR 1965  |p 2589753  |r 2025-04-22  |w 2019-11-19  |y BK  |k CIM 
952 |0 0  |1 0  |2 ddc  |4 0  |6 577_000000000000000_KOR_1965  |7 0  |8 CCM  |9 263414  |a BIBCUR  |b BIBCUR  |c PAC  |d 2019-11-19  |i 3056775  |o 577 KOR 1965  |p 3056775  |r 2025-04-22  |w 2019-11-19  |y BK  |k CIM